[Event "Csaba Árpád emlékverseny rapid"]
[Site "Ajka"]
[Date "2017.07.23"]
[Round "7.2"]
[White "Aczel, Gergely"]
[Black "Balog, Imre"]
[Result "1/2-1/2"]
[WhiteElo "2533"]
[BlackElo "2537"]
[PlyCount "143"]
[EventDate "2017.07.21"]
[EventType "swiss (rapid)"]
[EventRounds "9"]
[EventCountry "HUN"]
[WhiteClock "0:00:43"]
[BlackClock "0:10:14"]

1. d4 d5 2. c4 e6 3. Nc3 c6 4. e4 dxe4 5. Nxe4 Nf6 6. Nxf6+ Qxf6 7. Nf3 Bb4+ 8.
Bd2 Bxd2+ 9. Qxd2 O-O 10. Be2 Rd8 11. Rd1 Nd7 12. O-O b6 13. Qe3 Bb7 14. b3 c5
15. dxc5 Nxc5 16. Ne5 a5 17. f4 Qf5 18. Bf3 Bxf3 19. Qxf3 Qe4 20. Qxe4 Nxe4 21.
Nc6 Rxd1 22. Rxd1 Nc3 23. Rd2 Kf8 24. a4 Ke8 25. Kf1 Ne4 26. Re2 Nc5 27. Re3
Rc8 28. Ne5 Rd8 29. Ke2 Rd6 30. g4 f6 31. Nf3 Kf7 32. h4 h6 33. h5 Rd8 34. Nd2
Rd4 35. Rf3 Ke7 36. Ke3 e5 37. fxe5 Rxg4 38. exf6+ gxf6 39. Ke2 Rg2+ 40. Kd1
Rg5 41. Nb1 Ke6 42. Rh3 Rg1+ 43. Kc2 Rg2+ 44. Kc1 f5 45. Nc3 Nxb3+ 46. Kd1 Nc5
47. Nd5 Rg1+ 48. Ke2 Ke5 49. Nxb6 Rg2+ 50. Kf1 Rc2 51. Re3+ Ne4 52. Re1 Kd4 53.
Rd1+ Ke5 54. Nd5 Nd2+ 55. Ke2 Nb3+ 56. Kd3 Rh2 57. Re1+ Kd6 58. Rb1 Nc5+ 59.
Ke3 Rxh5 60. Nf4 Rg5 61. Rb6+ Kd7 62. Rxh6 Nxa4 63. Kd4 Rg4 64. Ke5 Nc5 65.
Kxf5 Rg1 66. Ke5 a4 67. Rd6+ Kc7 68. Nd5+ Kb7 69. Kd4 a3 70. Kxc5 a2 71. Rd7+
Kb8 72. Rd8+ 1/2-1/2

[Event "Csaba Árpád emlékverseny rapid"]
[Site "Ajka"]
[Date "2017.07.23"]
[Round "7.3"]
[White "Ruck, Robert"]
[Black "Csonka, Attila Istvan"]
[Result "1-0"]
[WhiteElo "2532"]
[BlackElo "2349"]
[PlyCount "75"]
[EventDate "2017.07.21"]
[EventType "swiss (rapid)"]
[EventRounds "9"]
[EventCountry "HUN"]
[WhiteClock "0:01:24"]
[BlackClock "0:05:47"]

1. Nf3 Nc6 2. d4 d5 3. e3 Bg4 4. h3 Bxf3 5. Qxf3 Nf6 6. Bb5 e6 7. O-O Bd6 8. c4
O-O 9. Nc3 Nb8 10. Ba4 c6 11. Bb3 Nbd7 12. Bd2 Rc8 13. Rfd1 Bb8 14. Rac1 Nb6
15. Qe2 Ne4 16. Nxe4 dxe4 17. Bb4 Re8 18. Ba5 Qd6 19. g3 Nd7 20. a3 Nf6 21. Bc3
Qe7 22. Ba4 Red8 23. b4 a6 24. Bb3 Bd6 25. Rc2 h5 26. d5 exd5 27. Bxf6 Qxf6 28.
Qxh5 g6 29. Qg4 dxc4 30. Bxc4 a5 31. bxa5 Bxa3 32. Rcd2 Be7 33. Qxe4 Rxd2 34.
Rxd2 Kg7 35. Rd7 Kf8 36. Rxb7 Rd8 37. Qf4 Qxf4 38. gxf4 1-0

[Event "Csaba Árpád emlékverseny rapid"]
[Site "Ajka"]
[Date "2017.07.23"]
[Round "7.4"]
[White "Dankhazi, Andras"]
[Black "Horvath, Csaba"]
[Result "1-0"]
[WhiteElo "2325"]
[BlackElo "2497"]
[PlyCount "103"]
[EventDate "2017.07.21"]
[EventType "swiss (rapid)"]
[EventRounds "9"]
[EventCountry "HUN"]
[WhiteClock "0:01:32"]
[BlackClock "0:00:16"]

1. d4 Nf6 2. Bg5 e6 3. e4 h6 4. Bxf6 Qxf6 5. c3 d6 6. Bd3 e5 7. Ne2 Nc6 8. O-O
Bd7 9. d5 Nd8 10. Nd2 h5 11. f4 Qh6 12. Kh1 exf4 13. Nxf4 g6 14. Qf3 Bg7 15.
Rae1 O-O 16. Nc4 Qg5 17. Ne2 Qe7 18. Qf4 b5 19. Nd2 c5 20. dxc6 Bxc6 21. Nd4
Bd7 22. Nxb5 Be5 23. Qf2 Ne6 24. Nd4 Nf4 25. Bc4 h4 26. Ne2 Nh5 27. Nf3 Bf6 28.
Qe3 Kg7 29. Nf4 Nxf4 30. Qxf4 Rab8 31. e5 dxe5 32. Nxe5 Bxe5 33. Rxe5 Qd6 34.
Re2 Qxf4 35. Rxf4 g5 36. Rd4 Bc6 37. Kg1 Rfe8 38. Rxe8 Rxe8 39. Kf2 Re7 40. b4
f5 41. Bd3 Rf7 42. b5 Bb7 43. c4 f4 44. c5 g4 45. c6 g3+ 46. hxg3 fxg3+ 47. Kg1
Bc8 48. Rxh4 Rf2 49. Rh7+ Kf6 50. Rh8 Be6 51. Rf8+ Bf7 52. c7 1-0

[Event "Csaba Árpád emlékverseny rapid"]
[Site "Ajka"]
[Date "2017.07.23"]
[Round "7.5"]
[White "Orosz, Andras"]
[Black "Juhasz, Armin"]
[Result "0-1"]
[WhiteElo "2321"]
[BlackElo "2388"]
[PlyCount "72"]
[EventDate "2017.07.21"]
[EventType "swiss (rapid)"]
[EventRounds "9"]
[EventCountry "HUN"]
[WhiteClock "0:00:22"]
[BlackClock "0:05:16"]

1. d4 Nf6 2. Nc3 d5 3. Bf4 c5 4. e3 cxd4 5. exd4 a6 6. Nf3 Bg4 7. Be2 e6 8. Ne5
Bxe2 9. Qxe2 Bb4 10. Bd2 Qb6 11. O-O-O Nc6 12. Nxc6 Qxc6 13. f3 b5 14. Qd3 Rc8
15. Kb1 Be7 16. Bg5 Qc4 17. Ne2 b4 18. Ng3 Qxd3 19. Rxd3 Rc4 20. Re1 Kd7 21.
Bf4 Rhc8 22. Re2 a5 23. Be5 Ne8 24. Nf1 a4 25. g4 Bd6 26. Bg3 Bxg3 27. hxg3 Nd6
28. Ne3 R4c7 29. g5 Nb5 30. Rh2 h6 31. gxh6 gxh6 32. Ng4 a3 33. Ne5+ Kd6 34. f4
axb2 35. Rb3 Na3+ 36. Kxb2 Rxc2+ 0-1

[Event "Csaba Árpád emlékverseny rapid"]
[Site "Ajka"]
[Date "2017.07.23"]
[Round "7.8"]
[White "Kozma, Karoly"]
[Black "Szitas, Gabor"]
[Result "0-1"]
[WhiteElo "2286"]
[BlackElo "2061"]
[PlyCount "102"]
[EventDate "2017.07.21"]
[EventType "swiss (rapid)"]
[EventRounds "9"]
[EventCountry "HUN"]
[WhiteClock "0:02:26"]
[BlackClock "0:01:45"]

1. Nf3 d5 2. d4 Nf6 3. c4 c6 4. Nc3 a6 5. g3 Nbd7 6. cxd5 cxd5 7. Bg2 e6 8. O-O
Be7 9. Re1 O-O 10. Qb3 b5 11. Bf4 Bb7 12. a4 b4 13. a5 bxc3 14. Qxb7 Qc8 15.
Qxc8 Rfxc8 16. bxc3 Rxc3 17. Bd2 Rc2 18. Rec1 Rac8 19. Rxc2 Rxc2 20. Bf1 Ne4
21. Be1 g5 22. e3 g4 23. Ne5 Nxe5 24. dxe5 Rc6 25. Be2 h5 26. Rb1 Kg7 27. Kf1
Bd8 28. Rb8 Bc7 29. Ra8 Rc1 30. Bxa6 Bxa5 31. Bd3 Bxe1 32. Bxe4 dxe4 33. Ra4
Bc3+ 34. Kg2 Bxe5 35. Rxe4 Bc7 36. h3 gxh3+ 37. Kxh3 Rc5 38. Kg2 Rc2 39. Ra4
Bb6 40. Kf3 Kg6 41. Rb4 Ba5 42. Rb5 Be1 43. Rb1 Rxf2+ 44. Ke4 Bc3 45. Rb3 f5+
46. Kd3 Be5 47. Rb7 Bxg3 48. Rb6 Kf6 49. Rb7 Be5 50. Rh7 Kg6 51. Ra7 h4 0-1

[Event "Csaba Árpád emlékverseny rapid"]
[Site "Ajka"]
[Date "2017.07.23"]
[Round "8.1"]
[White "Balog, Imre"]
[Black "Dankhazi, Andras"]
[Result "1-0"]
[WhiteElo "2537"]
[BlackElo "2325"]
[PlyCount "71"]
[EventDate "2017.07.21"]
[EventType "swiss (rapid)"]
[EventRounds "9"]
[EventCountry "HUN"]
[WhiteClock "0:13:09"]
[BlackClock "0:03:48"]

1. d4 Nf6 2. Bg5 Ne4 3. Bf4 d5 4. Nf3 e6 5. Nbd2 Bd6 6. Bxd6 Qxd6 7. e3 Nxd2 8.
Qxd2 b6 9. c4 dxc4 10. Bxc4 Bb7 11. Bb5+ c6 12. Bd3 Nd7 13. Rc1 O-O 14. O-O
Rfd8 15. Rfd1 Qe7 16. Qc2 h6 17. Bh7+ Kh8 18. Be4 Rac8 19. Qa4 a6 20. Qb3 b5
21. a4 Nf6 22. Bb1 bxa4 23. Qxa4 c5 24. Ne5 cxd4 25. Rxc8 Rxc8 26. Qxd4 Kg8 27.
h3 Kf8 28. Bg6 Qc5 29. Qf4 Rc7 30. Nxf7 Be4 31. b4 Qe7 32. Rd8+ Qxd8 33. Nxd8
Rc1+ 34. Kh2 Bxg6 35. e4 Rc8 36. Qd6+ 1-0

[Event "Csaba Árpád emlékverseny rapid"]
[Site "Ajka"]
[Date "2017.07.23"]
[Round "8.2"]
[White "Nemeth, Miklos"]
[Black "Ruck, Robert"]
[Result "1/2-1/2"]
[WhiteElo "2472"]
[BlackElo "2532"]
[PlyCount "48"]
[EventDate "2017.07.21"]
[EventType "swiss (rapid)"]
[EventRounds "9"]
[EventCountry "HUN"]
[WhiteClock "0:13:40"]
[BlackClock "0:10:58"]

1. e4 Nf6 2. e5 Nd5 3. d4 d6 4. Nf3 dxe5 5. Nxe5 c6 6. Be2 Bf5 7. a3 Nd7 8. Nf3
e6 9. O-O Bd6 10. Re1 O-O 11. c4 N5f6 12. Nc3 h6 13. h3 Qc7 14. c5 Bf4 15. Bd3
Bxd3 16. Qxd3 Rad8 17. Qc4 Bxc1 18. Raxc1 Nd5 19. Ne4 N7f6 20. Nd6 Ne8 21. Ne4
Nef6 22. Nd6 Ne8 23. Ne4 Nef6 24. Nd6 Ne8 1/2-1/2

[Event "Csaba Árpád emlékverseny rapid"]
[Site "Ajka"]
[Date "2017.07.23"]
[Round "8.4"]
[White "Egresi, Mate"]
[Black "Aczel, Gergely"]
[Result "0-1"]
[WhiteElo "2328"]
[BlackElo "2533"]
[PlyCount "87"]
[EventDate "2017.07.21"]
[EventType "swiss (rapid)"]
[EventRounds "9"]
[EventCountry "HUN"]
[WhiteClock "0:01:16"]
[BlackClock "0:03:02"]

1. d4 e6 2. c4 b6 3. Nf3 Bb7 4. g3 Bb4+ 5. Bd2 Bxf3 6. exf3 Bxd2+ 7. Qxd2 Ne7
8. Nc3 O-O 9. Bd3 Nbc6 10. Bc2 Nb4 11. Bb3 d5 12. cxd5 Nbxd5 13. O-O Nxc3 14.
Qxc3 Rc8 15. Rfd1 c6 16. Rac1 Qc7 17. Bc2 Rfd8 18. Be4 Rd6 19. b4 Qd7 20. f4 g6
21. Kg2 h5 22. h4 c5 23. bxc5 bxc5 24. Qa5 cxd4 25. Rxc8+ Nxc8 26. Qg5 d3 27.
Bxg6 fxg6 28. Qxg6+ Kf8 29. Qf6+ Ke8 30. Qh8+ Ke7 31. f5 exf5 32. Qg7+ Kd8 33.
Qh8+ Qe8 34. Qb2 Qe4+ 35. Kh2 Qd4 36. Qd2 f4 37. Qa5+ Nb6 38. Qg5+ Kc7 39. Qe7+
Rd7 40. Qe1 d2 41. Qe2 Nc4 42. Qxh5 Qxf2+ 43. Kh1 fxg3 44. Qc5+ 0-1

[Event "Csaba Árpád emlékverseny rapid"]
[Site "Ajka"]
[Date "2017.07.23"]
[Round "8.5"]
[White "Szitas, Gabor"]
[Black "Csonka, Attila Istvan"]
[Result "0-1"]
[WhiteElo "2061"]
[BlackElo "2349"]
[PlyCount "114"]
[EventDate "2017.07.21"]
[EventType "swiss (rapid)"]
[EventRounds "9"]
[EventCountry "HUN"]
[WhiteClock "0:00:22"]
[BlackClock "0:03:58"]

1. e4 c5 2. Nf3 e6 3. b3 b6 4. Bb2 Bb7 5. Nc3 Nc6 6. g3 Nf6 7. Bg2 d6 8. O-O
Ne5 9. Ne1 Nc6 10. d3 Be7 11. f4 O-O 12. Nf3 Nd4 13. Ne2 Nxf3+ 14. Bxf3 Qc7 15.
g4 e5 16. fxe5 dxe5 17. Qe1 Bc8 18. Qg3 Bd6 19. h3 Be6 20. g5 Nd7 21. Bg4 Rfe8
22. Bxe6 Rxe6 23. Nc3 h6 24. Rf5 Rf8 25. Nd5 Qd8 26. Kh1 Rg6 27. h4 f6 28. Raf1
fxg5 29. Rxf8+ Nxf8 30. h5 Re6 31. Qg4 Qe8 32. Ne3 Nd7 33. Nf5 Nf6 34. Nxd6
Rxd6 35. Qf3 Re6 36. Rf2 Nxh5 37. Qg4 Nf4 38. Kg1 h5 39. Qg3 g4 40. Kf1 Nh3 41.
Rf5 g6 42. Rxe5 Rxe5 43. Bxe5 Ng5 44. Bc3 Qf7+ 45. Ke1 Nf3+ 46. Kd1 Nd4 47.
Qb8+ Kh7 48. Kc1 Ne2+ 49. Kb2 Nxc3 50. Kxc3 h4 51. e5 g3 52. Qd8 Qf4 53. Qe7+
Kh6 54. e6 g2 55. Qe8 g1=Q 56. Qh8+ Kg5 57. e7 Qa1# {Kd4} 0-1

[Event "Csaba Árpád emlékverseny rapid"]
[Site "Ajka"]
[Date "2017.07.23"]
[Round "8.6"]
[White "Horvath, Csaba"]
[Black "Koronghy, Gyula"]
[Result "1-0"]
[WhiteElo "2497"]
[BlackElo "2076"]
[PlyCount "89"]
[EventDate "2017.07.21"]
[EventType "swiss (rapid)"]
[EventRounds "9"]
[EventCountry "HUN"]
[WhiteClock "0:10:33"]
[BlackClock "0:04:06"]

1. Nf3 d5 2. d4 f5 3. c4 c6 4. Nc3 Nf6 5. Bf4 e6 6. e3 Bd6 7. Bd3 O-O 8. O-O
Ne4 9. Bxd6 Qxd6 10. Ne2 Nd7 11. Rc1 Ndf6 12. Ne5 Qe7 13. f3 Ng5 14. Qc2 g6 15.
Nf4 Qg7 16. b4 Bd7 17. b5 Rac8 18. h4 Nf7 19. Nxd7 Nxd7 20. Nxe6 Qh6 21. Nxf8
Nxf8 22. Qf2 cxb5 23. cxd5 Re8 24. e4 a6 25. e5 g5 26. e6 Nd6 27. Qg3 Qxh4 28.
Qxh4 gxh4 29. Rc7 Ng6 30. Rd7 Nc4 31. Rxb7 Ne3 32. Re1 Nxd5 33. Bxf5 Rf8 34.
Bxg6 hxg6 35. Re5 Nf4 36. d5 h3 37. e7 Re8 38. d6 Kf7 39. d7 Rxe7 40. d8=N+ Kf6
41. Rbxe7 hxg2 42. Re4 Kf5 43. Rf7+ Kg5 44. Rexf4 a5 45. Ne6+ 1-0

[Event "Csaba Árpád emlékverseny rapid"]
[Site "Ajka"]
[Date "2017.07.23"]
[Round "8.7"]
[White "Jakab, Attila"]
[Black "Szabo, Balazs"]
[Result "1-0"]
[WhiteElo "2357"]
[BlackElo "2254"]
[PlyCount "99"]
[EventDate "2017.07.21"]
[EventType "swiss (rapid)"]
[EventRounds "9"]
[EventCountry "HUN"]
[WhiteClock "0:09:58"]
[BlackClock "0:00:20"]

1. d4 e6 2. c4 b6 3. Nc3 Bb7 4. Nf3 Nf6 5. g3 g6 6. Bg2 Bg7 7. O-O Ne4 8. Qc2
Nxc3 9. Qxc3 c5 10. Qd3 O-O 11. dxc5 bxc5 12. Rd1 d5 13. cxd5 exd5 14. Ng5 h6
15. Nh3 Na6 16. Nf4 Nc7 17. Nxd5 Nxd5 18. Bxd5 Bxd5 19. Qxd5 Qxd5 20. Rxd5 c4
21. Rb1 Rfc8 22. Be3 Rab8 23. Bd4 Bxd4 24. Rxd4 Rb5 25. b3 cxb3 26. Rxb3 Rxb3
27. axb3 Rb8 28. b4 h5 29. Kg2 Rb5 30. Kf3 a5 31. bxa5 Rxa5 32. e4 Rb5 33. h4
Kg7 34. Kf4 Rb2 35. f3 Rb5 36. Rd7 Rb1 37. e5 Re1 38. Re7 Kf8 39. Rb7 Kg7 40.
Rb4 Rf1 41. Rb7 Re1 42. Rb3 Rg1 43. Re3 Rg2 44. e6 fxe6 45. Rxe6 Kf7 46. Rb6
Rg1 47. g4 hxg4 48. fxg4 Ra1 49. Kg5 Ra4 50. Rf6+ 1-0

[Event "Csaba Árpád emlékverseny rapid"]
[Site "Ajka"]
[Date "2017.07.23"]
[Round "8.8"]
[White "Martini, Balazs"]
[Black "Hardicsay, Peter"]
[Result "1/2-1/2"]
[WhiteElo "2347"]
[BlackElo "2217"]
[PlyCount "31"]
[EventDate "2017.07.21"]
[EventType "swiss (rapid)"]
[EventRounds "9"]
[EventCountry "HUN"]
[WhiteClock "0:20:55"]
[BlackClock "0:20:55"]

1. d4 Nf6 2. Nf3 g6 3. Bf4 Bg7 4. c3 d6 5. e3 O-O 6. h3 b6 7. Be2 Bb7 8. O-O c5
9. a4 a6 10. Nbd2 Nbd7 11. Bh2 Qc7 12. Ne1 Ne4 13. Nxe4 Bxe4 14. Bf3 Nf6 15.
Bxe4 Nxe4 16. Nf3 1/2-1/2

[Event "Csaba Árpád emlékverseny rapid"]
[Site "Ajka"]
[Date "2017.07.23"]
[Round "9.1"]
[White "Csonka, Attila Istvan"]
[Black "Balog, Imre"]
[Result "0-1"]
[WhiteElo "2349"]
[BlackElo "2537"]
[PlyCount "72"]
[EventDate "2017.07.21"]
[EventType "swiss (rapid)"]
[EventRounds "9"]
[EventCountry "HUN"]
[WhiteClock "0:02:38"]
[BlackClock "0:10:59"]

1. e4 e6 2. d4 d5 3. Nd2 Nc6 4. Ngf3 Nf6 5. e5 Nd7 6. Nb3 f6 7. Bb5 Be7 8. O-O
fxe5 9. dxe5 O-O 10. Re1 a6 11. Bf1 Qe8 12. a4 Qf7 13. a5 Ndxe5 14. Be2 Bd7 15.
Be3 Rae8 16. Bc5 Ng6 17. Qd2 Nf4 18. Ra4 e5 19. Rxf4 exf4 20. Bd3 Bf5 21. Bxf5
Qxf5 22. Nbd4 Nxd4 23. Nxd4 Qf7 24. Bxe7 Rxe7 25. Rd1 Rfe8 26. h3 c6 27. b4 h6
28. c3 Re4 29. Kh2 Qc7 30. Kg1 Qe5 31. Nf3 Qe7 32. Kh2 Re2 33. Qd4 Qf6 34. Qxf6
gxf6 35. Kg1 Rc2 36. Rd3 Ree2 0-1

[Event "Csaba Árpád emlékverseny rapid"]
[Site "Ajka"]
[Date "2017.07.23"]
[Round "9.2"]
[White "Aczel, Gergely"]
[Black "Nemeth, Miklos"]
[Result "1/2-1/2"]
[WhiteElo "2533"]
[BlackElo "2472"]
[PlyCount "117"]
[EventDate "2017.07.21"]
[EventType "swiss (rapid)"]
[EventRounds "9"]
[EventCountry "HUN"]
[WhiteClock "0:00:32"]
[BlackClock "0:01:25"]

1. d4 Nf6 2. c4 e6 3. Nc3 Bb4 4. e3 O-O 5. Nf3 d5 6. Bd2 b6 7. Rc1 Bb7 8. cxd5
exd5 9. Bd3 a6 10. O-O Nbd7 11. Ne5 Nxe5 12. dxe5 Bxc3 13. Bxc3 Ne4 14. Bb4 c5
15. Be1 Qe7 16. f3 c4 17. Bb1 Nc5 18. Bc3 Rfe8 19. f4 Ne4 20. Bxe4 dxe4 21. Qg4
Rad8 22. f5 Qc5 23. e6 Qxe3+ 24. Kh1 Qh6 25. exf7+ Kxf7 26. f6 g6 27. Rcd1 Bc6
28. Rxd8 Rxd8 29. Qg3 Rd7 30. Qb8 Qf8 31. Qxb6 Qd6 32. Qxa6 Qd5 33. Qa5 Qxa5
34. Bxa5 Ra7 35. Bc3 Rxa2 36. Kg1 Ra7 37. Kf2 Rd7 38. Ra1 e3+ 39. Kxe3 Bxg2 40.
Ra4 Bd5 41. Rb4 Rb7 42. Ra4 Rd7 43. Ra5 g5 44. Kd4 Be6+ 45. Ke5 h5 46. Ra8 Rd5+
47. Ke4 Rd7 48. Rh8 Kg6 49. Ke5 Bf7 50. Bd4 Rd5+ 51. Ke4 Rf5 52. Rb8 Bd5+ 53.
Ke3 Rf3+ 54. Ke2 Rf4 55. Bc3 Rh4 56. Rb5 Bf7 57. Be5 Re4+ 58. Kf3 Re1 59. Kf2
1/2-1/2

[Event "Csaba Árpád emlékverseny rapid"]
[Site "Ajka"]
[Date "2017.07.23"]
[Round "9.3"]
[White "Bokros, Albert"]
[Black "Ruck, Robert"]
[Result "1/2-1/2"]
[WhiteElo "2486"]
[BlackElo "2532"]
[PlyCount "58"]
[EventDate "2017.07.21"]
[EventType "swiss (rapid)"]
[EventRounds "9"]
[EventCountry "HUN"]
[WhiteClock "0:01:25"]
[BlackClock "0:01:18"]

1. e4 Nf6 2. Nc3 e5 3. Nf3 Bb4 4. Nxe5 O-O 5. Be2 Re8 6. Nf3 Bxc3 7. dxc3 Nxe4
8. O-O d6 9. Nd2 Nxd2 10. Bxd2 Nc6 11. Bd3 Ne5 12. Bf4 Qf6 13. Qd2 Bf5 14. Bxe5
Rxe5 15. Rfe1 Bxd3 16. cxd3 Rae8 17. f4 R5e6 18. a3 Kf8 19. Rxe6 Rxe6 20. g3
Qf5 21. Rf1 h5 22. Rf3 h4 23. Re3 hxg3 24. hxg3 Qg4 25. Qe1 Ke7 26. Rxe6+ fxe6
27. Kg2 b6 28. Qe4 Kf6 29. Qf3 Qxf3+ 1/2-1/2

[Event "Csaba Árpád emlékverseny rapid"]
[Site "Ajka"]
[Date "2017.07.23"]
[Round "9.4"]
[White "Horvath, Csaba"]
[Black "Szalanczy, Emil"]
[Result "1-0"]
[WhiteElo "2497"]
[BlackElo "2188"]
[PlyCount "119"]
[EventDate "2017.07.21"]
[EventType "swiss (rapid)"]
[EventRounds "9"]
[EventCountry "HUN"]
[WhiteClock "0:00:46"]
[BlackClock "0:00:19"]

1. d4 Nf6 2. c4 g6 3. Nc3 d5 4. Nf3 Bg7 5. Qb3 dxc4 6. Qxc4 O-O 7. e4 Na6 8.
Be2 c5 9. d5 e6 10. O-O exd5 11. exd5 Nb4 12. Rd1 Nc2 13. Rb1 Nd4 14. Nxd4 cxd4
15. Rxd4 Bf5 16. Ra1 Ne8 17. Rd1 Nd6 18. Qb3 Re8 19. Bf3 Qh4 20. g3 Qc4 21. Bf4
Be5 22. Bxe5 Rxe5 23. Qa3 Qa6 24. Qxa6 bxa6 25. b3 Rae8 26. Rac1 h5 27. h4 Kg7
28. Kg2 Bg4 29. Bxg4 hxg4 30. Rd4 Rc8 31. a3 a5 32. Rxg4 Rxd5 33. Nxd5 Rxc1 34.
Rd4 Nb5 35. Ra4 Rc5 36. Ne3 Rc3 37. Rxa5 Rxb3 38. a4 Nc3 39. Rxa7 Rb2 40. Nc4
Ra2 41. Ne5 Kf6 42. Nxf7 Nd1 43. Ng5 Rxf2+ 44. Kh3 Ra2 45. Kg4 Ne3+ 46. Kf3 Nf5
47. Ra6+ Kg7 48. Ra7+ Kf6 49. Ne4+ Ke5 50. Ra5+ Ke6 51. Kf4 Ra1 52. Ra6+ Kf7
53. Ng5+ Kg7 54. Ra7+ Kg8 55. Ne4 Kf8 56. a5 Ra4 57. Ke5 Ne7 58. Ra8+ Kg7 59.
a6 Nc6+ 60. Kd6 1-0

[Event "Csaba Árpád emlékverseny rapid"]
[Site "Ajka"]
[Date "2017.07.23"]
[Round "9.5"]
[White "Dankhazi, Andras"]
[Black "Juhasz, Armin"]
[Result "1-0"]
[WhiteElo "2325"]
[BlackElo "2388"]
[PlyCount "71"]
[EventDate "2017.07.21"]
[EventType "swiss (rapid)"]
[EventRounds "9"]
[EventCountry "HUN"]
[WhiteClock "0:00:16"]
[BlackClock "0:01:40"]

1. d4 Nf6 2. c4 d6 3. Nf3 Nbd7 4. Nc3 e5 5. e4 g6 6. Be2 Bg7 7. O-O O-O 8. Be3
c6 9. d5 c5 10. Ne1 Ne8 11. Nd3 f5 12. f4 a6 13. exf5 gxf5 14. fxe5 Nxe5 15.
Nf4 Qe7 16. Qd2 Nf6 17. h3 Bd7 18. a4 Rae8 19. Rae1 Qd8 20. b3 Qb6 21. Bd1 Qb4
22. Qc2 Kh8 23. Bd2 Qb6 24. Ne6 Rxe6 25. dxe6 Bxe6 26. Bf4 Qc7 27. Bf3 Nfd7 28.
Bd5 Bxd5 29. Nxd5 Qd8 30. Bxe5 Nxe5 31. Rxf5 Rg8 32. Kh1 Qh4 33. Qe4 Ng4 34.
Rf4 Be5 35. Nf6 Qg3 36. Qxh7# 1-0

[Event "Csaba Árpád emlékverseny rapid"]
[Site "Ajka"]
[Date "2017.07.23"]
[Round "9.6"]
[White "Orosz, Andras"]
[Black "Jakab, Attila"]
[Result "0-1"]
[WhiteElo "2321"]
[BlackElo "2357"]
[PlyCount "106"]
[EventDate "2017.07.21"]
[EventType "swiss (rapid)"]
[EventRounds "9"]
[EventCountry "HUN"]
[WhiteClock "0:01:04"]
[BlackClock "0:01:24"]

1. d4 d5 2. c4 e6 3. Nc3 Nf6 4. cxd5 exd5 5. Bg5 c6 6. e3 Nbd7 7. Bd3 Bd6 8.
Qc2 Nf8 9. Bh4 Ng6 10. Bg3 O-O 11. Nf3 Re8 12. O-O-O Qe7 13. Kb1 Bxg3 14. hxg3
Ne4 15. Nh4 Nxh4 16. Rxh4 f5 17. Rdh1 h6 18. Rh5 Bd7 19. Rf1 Rf8 20. Ne2 Rf6
21. Nf4 g5 22. Ne2 Rc8 23. Nc3 Be6 24. Rfh1 Kg7 25. Bxe4 fxe4 26. Ka1 Bg4 27.
R5h2 Rcf8 28. Nd1 Qd6 29. a3 Bxd1 30. Qxd1 Rxf2 31. Qg4 Rf1+ 32. Ka2 Rxh1 33.
Rxh1 Rf7 34. Kb3 Qf6 35. Qh5 Qg6 36. Qg4 Qf5 37. Qh5 Qe6 38. g4 c5 39. Qh2 cxd4
40. exd4 e3 41. Re1 Rf4 42. Qg3 Rxg4 43. Qc7+ Kg6 44. Ka2 Rxd4 45. Qxb7 e2 46.
Qb5 Re4 47. Qd3 Kg7 48. Kb1 d4 49. Kc1 Qe5 50. Kd2 Qf4+ 51. Kc2 Re3 52. Qa6 d3+
53. Kb1 d2 0-1

[Event "Csaba Árpád emlékverseny rapid"]
[Site "Ajka"]
[Date "2017.07.23"]
[Round "9.7"]
[White "Szelenyi, Norbert"]
[Black "Martini, Balazs"]
[Result "0-1"]
[WhiteElo "2302"]
[BlackElo "2347"]
[PlyCount "84"]
[EventDate "2017.07.21"]
[EventType "swiss (rapid)"]
[EventRounds "9"]
[EventCountry "HUN"]
[WhiteClock "0:00:20"]
[BlackClock "0:00:46"]

1. c4 Nf6 2. Nc3 g6 3. e4 d6 4. d4 Bg7 5. h3 O-O 6. Nf3 c5 7. d5 e6 8. Bd3 exd5
9. cxd5 a6 10. a4 Nfd7 11. Bf4 Qe7 12. O-O Ne5 13. Nxe5 Bxe5 14. Bxe5 Qxe5 15.
a5 Qf4 16. Qc1 Qf6 17. Na4 Nd7 18. Qc3 Qf4 19. Qc1 Qh4 20. f4 Rb8 21. Qe1 Qe7
22. Ra3 b5 23. axb6 Nxb6 24. Rb3 Qa7 25. Nxb6 Rxb6 26. Rxb6 Qxb6 27. Qf2 Qb3
28. Qe2 Re8 29. Bc4 Qb8 30. Re1 Bf5 31. e5 Qb4 32. Ra1 a5 33. Ra3 a4 34. Re3
Kg7 35. Kh2 h5 36. g4 hxg4 37. hxg4 Bxg4 38. Qxg4 Qxc4 39. Qg5 dxe5 40. fxe5
Qxd5 41. Qf6+ Kg8 42. Kg3 Qd4 0-1

[Event "Csaba Árpád emlékverseny rapid"]
[Site "Ajka"]
[Date "2017.07.23"]
[Round "9.8"]
[White "Hardicsay, Peter"]
[Black "Egresi, Mate"]
[Result "1/2-1/2"]
[WhiteElo "2217"]
[BlackElo "2328"]
[PlyCount "55"]
[EventDate "2017.07.21"]
[EventType "swiss (rapid)"]
[EventRounds "9"]
[EventCountry "HUN"]
[WhiteClock "0:03:51"]
[BlackClock "0:06:14"]

1. c4 e6 2. d4 d5 3. Nc3 Nf6 4. Nf3 Be7 5. Bf4 O-O 6. e3 b6 7. Bd3 dxc4 8. Bxc4
Bb7 9. O-O c5 10. Nb5 Na6 11. Qe2 Nd5 12. Bg3 cxd4 13. exd4 Nac7 14. Nxc7 Nxc7
15. Rac1 Rc8 16. Rfd1 Nd5 17. Ba6 Bxa6 18. Qxa6 Rxc1 19. Rxc1 Qa8 20. a3 h6 21.
h3 Bf6 22. Rc2 Rd8 23. Kh2 Kh7 24. Rc1 Rd7 25. Rc8 Qb7 26. Qd3+ g6 27. Rb8 Qc6
28. Ne5 1/2-1/2